Speed-Run All Numbers and Letters of the Alphabet in Fifteen Seconds - Statistics

General Stats
  • This quiz has been taken 107 times
    103 since last reset
  • The average score is 27 of 36
Answer Stats
Letter % Correct
a
91%
d
88%
b
85%
e
85%
1
82%
2
82%
c
82%
g
79%
h
79%
i
79%
w
79%
3
76%
4
76%
f
76%
j
76%
o
76%
5
73%
6
73%
7
73%
8
73%
9
73%
k
73%
l
73%
n
73%
q
73%
r
73%
s
73%
t
73%
p
70%
u
70%
m
67%
v
67%
x
67%
y
67%
0
61%
z
61%
No matching quizzes found
Score Distribution
Percent of People with Each Score
Percentile by Number Answered
Your Score History
You have not taken this quiz since the last reset